Medieval mysticism of India

Bibliographic Details
Main Author: Sen, Krhitimohan
Other Authors: Tagore, Rabindranath
Format: Book
Published: New Delhi : Cosmo Publications , 2006
Subjects:

MARC

LEADER 00000cam a2200000 7i4500
001 0000036450
005 20130620.0
008 130619
020 |a 8130704218 
090 0 0 |a 954   |b SEN 
100 1 |a Sen, Krhitimohan 
245 1 0 |a Medieval mysticism of India   |c by Krhitimohan Sen ; with a foreword by Rabindranath Tagore 
260 |a New Delhi :   |b Cosmo Publications ,   |c 2006 
650 0 |a India 
700 1 |a Tagore, Rabindranath 
999 |a 0001022034   |b Book   |c Adult Collection   |e Perbadanan Perpustakaan Awam Johor